Corredor de conservación Chingaza - Sumapaz - Guerrero : (Registro nro. 8409)
[ vista simple ]
| 000 -CABECERA | |
|---|---|
| Campo de control | 00923nam a22002177a 4500 |
| 005 - FECHA Y HORA DE LA ULTIMA TRANSACCION | |
| Campo de control | 20170425020001.0 |
| 008 - ELEMENTOS DE LONGITUD FIJA—INFORMACION GENERAL | |
| Campo de control | 140428b2011 ck ||||| |||| 00| 0 spa d |
| 020 ## - ISBN | |
| ISBN | 9789589973110 |
| 041 ## - IDIOMA | |
| Código de idioma para texto/pista de sonido o título separado | Español |
| 044 ## - PAÍS DE PUBLICACIÓN | |
| País de publicación | Colombia |
| 082 ## - NUMERO DE CLASIFICACION DECIMAL DEWEY | |
| Número de clasificación | 333.72 |
| Número del ítem | S52c |
| 245 10 - MENCION DE TITULO | |
| Título | Corredor de conservación Chingaza - Sumapaz - Guerrero : |
| Parte restante del título | resultados del diseño y lineamientos de acción |
| 260 ## - PUBLICACION, DISTRIBUCION, ETC. (PIE DE IMPRENTA) | |
| Lugar de publicación, distribución, etc. | Bogotá |
| Nombre del editor, distribuidor, etc. | Conservación Internacional Colombia |
| -- | Empresa de Acueducto y Alcantarillado de Bogotá ESP |
| Fecha de publicación, distribución, etc. | 2011 |
| 300 ## - DESCRIPCION FISICA | |
| Extensión | 184 p. |
| Otros detalles físicos | il., mapas, tablas, |
| Dimensiones | 21 cm. |
| 500 ## - NOTA GENERAL | |
| Nota general | Incluye dos mapas:<br/>Cobertura de la tierra CID-034592<br/>Zonificación para la gestión CID-034593 |
| 650 ## - ASIENTO SECUNDARIO DE MATERIA - TERMINO TEMATICO | |
| Término temático o nombre geográfico como elemento de entrada | Conservación |
| Subdivisión geográfica | Chingaza (Páramo, Colombia) |
| -- | Sumapaz (Páramo, Colombia) |
| -- | Guerrero (Páramo, Colombia) |
| 700 1# - ASIENTO SECUNDARIO - NOMBRE PERSONAL | |
| Nombre personal | Sguerra, Sandra |
| 700 1# - ASIENTO SECUNDARIO - NOMBRE PERSONAL | |
| Nombre personal | Bejarano, Patricia |
| 700 1# - ASIENTO SECUNDARIO - NOMBRE PERSONAL | |
| Nombre personal | Rodriguez, Octavio |
| 942 ## - ELEMENTOS ADICIONALES (KOHA) | |
| Sistema de clasificación | Dewey Decimal Classification |
| Tipo de ítem | Impreso |
| Koha issues (borrowed), all copies | 16 |
| Withdrawn status | Lost status | Sistema de Clasificación | Damaged status | No para préstamo | Colección | Inventariado | Ubicación Permanente | Ubicación actual | Fecha de adquisición | Fuente de Valor | Valor | Total Checkouts | Número topográfico | Inventario / Código de Barras | Date last seen | Date checked out | Ejemplar | Price effective from | Forma de adquisición | Tipo de material | Public note |
|---|---|---|---|---|---|---|---|---|---|---|---|---|---|---|---|---|---|---|---|---|---|
| Dewey Decimal Classification | General | Inventariado 2017 | Bogotá | Bogotá | 28/04/2014 | Instituto | 39000.00 | 17 | LB-333.72 S52c | 034590 | 16/09/2019 | 16/09/2019 | Ej. 1 | 28/04/2014 | Canje | Libro | |||||
| Dewey Decimal Classification | Audiovisual | Bogotá | Bogotá | 28/04/2014 | 1 | LB-333.72 S52c | 034591 | 16/09/2014 | 16/09/2014 | Ej. 2 | 28/04/2014 | Canje | CD-ROM | ||||||||
| Dewey Decimal Classification | General | Inventariado 2017 | Sala Fabio Quevedo | Sala Fabio Quevedo | 25/09/2017 | Instituto | 39000.00 | LB-333.72 S52c | 041686 | 25/09/2017 | Ej. 3 | 25/09/2017 | Donación | Libro | Incluye mapas y CD-ROM (CID-041687). |